000 00662 a2200193 4500
020 _c490.00
035 _aB-78005
037 _bRP-ZLS-1706 / UBH-03-04:9 / RP-03-04:ENG
082 1 4 _a540
090 _c2008
_d2008
100 1 _aAgarwal, O.P.
245 1 _aIIT chemistry
_bfor IIT joint entrance and other engineering entrance examinations
_cby O.P. Agarwal, Avinash Agarwal
250 _a109th ed.
260 _aMeerut
_bJai Prakasah Nath Publications
_c2003
300 _axx, 1812 p
_c24 cm (pbk)
700 _aAgarwal, Avinash
942 _adpl
_cEN
_k540 / AGA
999 _c1975
_d1975